| 000 | 00000nam##2200000za#4500 |
| 001 | 9.649942 |
| 003 | CaOODSP |
| 005 | 20210615114030 |
| 007 | ta |
| 008 | 150407|2006||||xxc||||| f|0| 0 eng|d |
| 020 | |a0-662-42073-X |
| 040 | |aCaOODSP|beng |
| 043 | |an-cn--- |
| 086 | 1 |aM144-112/2005E |
| 110 | 1 |aCanada.|bNatural Resources Canada. |bOffice of Energy Efficiency. |
| 245 | 10|aIdling gets you nowhere / |cProduced by ... Fleet Vehicle Intiative (FleetSmart). |
| 246 | 3 |aFleet Vehicle Initiative (FleetSmart) |
| 260 | |aOttawa - Ontario : |bNatural Resources Canada. |c2006. |
| 300 | |a14p. ; |c15 cm. |
| 520 | 3 |aThis booklet explains the costs of truck idling in terms of wasted dollars, increased engine maintenance, environmental harm, and poor image of the trucking community. It describes the effects of idling and notes that today’s engines do not require idling. It also examines the main reasons truckers give for prolonged idling, refuting their logic and offering other strategies. Intended as a handout for fleet operators. |
| 563 | |aPamphlet |
| 590 | |a06-16|b2006-04-21 |
| 690 | 07|aAutomobiles|2gcpds |
| 690 | 07|aEnergy efficiency|2gcpds |
| 775 | 08|tTourner au ralenti, c'est tourner en rond / |w(CaOODSP)9.683070 |
| 776 | 0#|tIdling gets you nowhere / |w(CaOODSP)9.693051 |